000 00327nam a2200109 4500
050 _aHM 586
_b.P4 2009
100 _aPeters, Ralph
245 _aEssential of Sociology a down-to- earth approach:
_bStudy guide for Henslin/
_c Ralph Peters
260 _aBoston :
_bAllyn and Bacon,
_c2009.
650 _bSociology.
942 _2lcc
_cGEN
999 _c6735
_d6735